00378nam a2200145Ia 4500008004100000020001500041041001200056082001600068100001700084245005800101250000800159260003800167300000800205650001900213221030s9999 xx 000 0 und d a0706998979 aEnglish a105.23bPan aI. M. Pandey 0aManagement Accounting - A Planning & Control Approach a3rd bVikas Pub. HouseaNew Delhic2001 a608 aMCA Management